| 000 | 00966cam a2200313 i 4500 | ||
|---|---|---|---|
| 001 | 016077119 | ||
| 003 | EG-ScBUE | ||
| 005 | 20250615091134.0 | ||
| 008 | 120423t2014 flua f b 001 0 eng d | ||
| 020 | _a9781439819364 | ||
| 020 | _a143981936X | ||
| 040 |
_aStDuBDS _beng _erda _cStDuBDS _dUk _dEG-ScBUE |
||
| 082 | 0 | 4 |
_a536.2 _222 _bFAK |
| 100 | 1 |
_aFakheri, Ahmad, _eauthor. |
|
| 245 | 1 | 0 |
_aIntermediate heat transfer / _cAhmad Fakheri. |
| 264 | 1 |
_aBoca Raton : _bCRC Press / Taylor & Francis, _c[2014] |
|
| 264 | 4 | _cc2014 | |
| 300 |
_axix, 727 pages : _billustrations ; _c26 cm. |
||
| 336 |
_2rdacontent _atext _btxt |
||
| 337 |
_aunmediated _2rdamedia _bn |
||
| 338 |
_avolume _bnc _2rdacarrier |
||
| 490 | 0 | _aCivil and mechanical engineering | |
| 504 | _aIncludes bibliographical references and index. | ||
| 650 | 7 |
_aHeat _xTransmission. _2BUEsh _93121 |
|
| 651 | _2BUEsh | ||
| 653 |
_bENGGEN _cDecember2016 |
||
| 655 | _vReading book | ||
| 942 |
_2ddc _cBB |
||
| 999 |
_c23492 _d23464 |
||